| 000 | 00658nam a2200181Ia 4500 | ||
|---|---|---|---|
| 003 | GCL | ||
| 008 | 140319s9999 xx 000 0 ara d | ||
| 040 |
_aGCL / _cGCL |
||
| 082 | 0 | 4 |
_a372.4 _bل م |
| 100 | 1 | _aليلى احمد كرم الدين | |
| 245 | 1 | 0 |
_aالميول القرائية لاطفال مرحلة التعليم الاساسى: دراسة استطلاعية بمركز توثيق وبحوث ادب الاطفال / _cليلى احمد كرم الدين |
| 300 | _a259 | ||
| 490 |
_a100 قصة _v0 |
||
| 650 | 0 | 4 | _aالاطفال |
| 650 | 0 | 4 | _aالمكتبات المدرسية |
| 650 | 0 | 4 | _aالكتب والقراءة |
| 942 |
_2ddc _cBK |
||
| 999 |
_c43786 _d43786 |
||